LIBRARY ONLINE CATALOGUE

Soil Science and Management (Record no. 19178)

MARC details
000 -LEADER
fixed length control field 00454nam a22001697a 4500
008 - FIXED-LENGTH DATA ELEMENTS--GENERAL INFORMATION
fixed length control field 220203b |||||||| |||| 00| 0 eng d
020 ## - INTERNATIONAL STANDARD BOOK NUMBER
International Standard Book Number 1337904597
050 ## - LIBRARY OF CONGRESS CALL NUMBER
Classification number S591
Item number .P53 2014
100 ## - MAIN ENTRY--PERSONAL NAME
Personal name Plaster, Edward J.
245 ## - TITLE STATEMENT
Title Soil Science and Management
Statement of responsibility, etc. Edward J. Plaster
250 ## - EDITION STATEMENT
Edition statement 6th ed.
260 ## - PUBLICATION, DISTRIBUTION, ETC. (IMPRINT)
Place of publication, distribution, etc. Australia
Name of publisher, distributor, etc. Cengage Learning
Date of publication, distribution, etc. 2014
300 ## - PHYSICAL DESCRIPTION
Extent xix, 520p.
650 ## - SUBJECT ADDED ENTRY--TOPICAL TERM
Topical term or geographic name as entry element Soil Science
650 ## - SUBJECT ADDED ENTRY--TOPICAL TERM
Topical term or geographic name as entry element Soil Management
942 ## - ADDED ENTRY ELEMENTS (KOHA)
Source of classification or shelving scheme Library of Congress Classification
Koha item type General Collection
Holdings
Withdrawn status Lost status Source of classification or shelving scheme Not for loan Home library Current library Date acquired Cost, normal purchase price Total Checkouts Full call number Barcode Date last seen Price effective from Koha item type
    Library of Congress Classification   Kabarak, Main Campus Kabarak, Main Campus 03/02/2022 16855.00   S591 .P53 2014 c.1 031468 03/02/2022 03/02/2022 General Collection
    Library of Congress Classification   Kabarak, Main Campus Kabarak, Main Campus 03/02/2022 16855.00   S591 .P53 2014 c.2 031469 03/02/2022 03/02/2022 General Collection
    Library of Congress Classification   Kabarak, Main Campus Kabarak, Main Campus 03/02/2022 16855.00   S591 .P53 2014 c.3 031470 03/02/2022 03/02/2022 General Collection